[Event "Buenos Aires"]
[Site "Buenos Aires"]
[Date "1980.??.??"]
[Round "?"]
[White "Hort, Vlastimil"]
[Black "Najdorf, Miguel"]
[Result "1/2-1/2"]
[WhiteElo "2595"]
[BlackElo "2510"]
[Annotator "Chekhov,V"]
[PlyCount "38"]
[EventDate "1980.10.15"]
[EventType "tourn"]
[EventRounds "13"]
[EventCountry "ARG"]
[EventCategory "13"]
[SourceTitle "MCL"]
[Source "ChessBase"]
[SourceDate "1999.07.01"]
[SourceVersion "1"]
[SourceVersionDate "1999.07.01"]
[SourceQuality "1"]

1. d4 Nf6 2. c4 e6 3. Nf3 b6 4. g3 Bb7 5. Bg2 Be7 6. O-O O-O 7. Nc3 Ne4 8. Bd2
Bf6 9. Rc1 d6 10. d5 Nxd2 (10... Bxc3 11. Bxc3 Nxc3 12. Rxc3 e5 13. Nd2 Nd7 14.
f4 exf4 $5 15. gxf4 a5 16. e4 Qf6 $6 (16... c6 $5 $132) 17. Nb3 $16 {
Magerramov,E-Naumkin,I/Sankt-Peterburg/1992/Inf 55/525/}) 11. Nxd2 (11. Qxd2 $5
e5 (11... Qe7 $5 12. e4 Nd7 13. Nd4 Bxd4 14. Qxd4 e5 15. Qd2 a5 16. f4 Nc5 17.
f5 f6 18. Bf3 $14 {Karpov,A-Salov,V/Reykjavik/1991/1:0 (67)/Inf 52/534/}) 12.
h4 Nd7 13. Bh3 g6 14. e4 Bg7 15. h5 Nf6 16. hxg6 hxg6 17. Kg2 Qe7 18. Rh1 $14 {
Epishin,V-Ehlvest,J/Terrassa/1991/1:0 (38)/Inf 52/535/}) 11... e5 12. e4 $14
Nd7 13. Bh3 (13. b4 $5) (13. h4 $5 {/\Bh3/}) 13... a5 14. a3 Bg5 15. b4 g6 16.
Qc2 Bh6 17. Rcd1 Ba6 (17... Bc8 $5) 18. Qd3 (18. Qb3 $5) 18... Bc8 {/\Nc5/} 19.
Kg2 Kh8 (19... Kh8 20. Nb3 axb4 21. axb4 Nf6 22. Bxc8 Qxc8 23. c5 bxc5 24. bxc5
Qa6 25. Qf3 (25. Nb5 Nxe4 $1) 25... Kg7 $13) 1/2-1/2

[Event "Rakvere Keres Memorial"]
[Site "Rakvere"]
[Date "1993.??.??"]
[Round "1"]
[White "Ehlvest, Jaan"]
[Black "Rozentalis, Eduardas"]
[Result "1/2-1/2"]
[WhiteElo "2620"]
[BlackElo "2600"]
[Annotator "Chekhov,V"]
[PlyCount "85"]
[EventDate "1993.09.??"]
[EventType "tourn"]
[EventRounds "10"]
[EventCountry "EST"]
[EventCategory "15"]
[SourceTitle "CBM 038"]
[Source "ChessBase"]
[SourceDate "1994.02.01"]
[SourceVersion "1"]
[SourceVersionDate "1994.02.01"]
[SourceQuality "1"]

1. d4 {Dautov} Nf6 2. c4 e6 3. Nf3 b6 4. g3 Bb7 5. Bg2 Be7 6. Nc3 Ne4 7. Bd2 f5
8. O-O (8. d5 Bf6 9. Qc2 Nd6 10. Bf4 Qe7 11. Bxd6 cxd6 (11... Qxd6 12. O-O Na6
13. e4 Bxc3 14. Qxc3 fxe4 15. Ng5 exd5 16. cxd5 O-O 17. Nxe4 $14 {Gelfand,
B-Hjartarson,J /Munich/1993 Inf 57/519/}) 12. O-O O-O 13. Rfd1 g6 14. Nd4 e5
15. Ndb5 $14 {Ivanchuk,V-Salov,S /Linares/ 1993 Inf 57/518/}) 8... Bf6 9. Qc2 (
9. Rc1 O-O 10. d5 Na6 11. a3 exd5 12. cxd5 c5 $1 13. dxc6 dxc6 14. Qc2 c5 15.
Rfd1 Qe7 16. Be1 Nc7 $10 {Panno,O-Hjartarson,J /Dubai/1986 Inf 42/710; 10...
c5!?/}) 9... O-O {Hulak,K-Naumkin,I /Palma de Mallorka/1989 Inf 48/701/} 10.
Rad1 $146 (10. d5 Bxc3 11. Bxc3 exd5 12. cxd5 Bxd5 13. Be5 d6 14. Bf4 Qe7 15.
Rad1 Bb7 16. Nd4 g6 17. f3 Nf6 18. Rfe1 Nh5 19. Bh6 Rf7 20. e4 $44) 10... Nxc3
(10... Nxd2 $5) 11. Bxc3 Be4 12. Qc1 (12. Qa4 {Dautov} Qc8 13. Rd2 Qa6 14. Qxa6
Nxa6 15. Rc1 d6 16. b4 c6 17. a4 b5 18. axb5 cxb5 19. Ra2 Nc7 20. c5 Nd5 21.
Be1 dxc5 22. Rxc5 a6 $10 {Skembris-Engqvist/Gausdal TM/1993}) (12. Qd2 {Dautov}
d6 13. Ne1 Bxg2 14. Nxg2 Nd7 15. Qc2 Qe7 16. e4 fxe4 17. Qxe4 e5 18. dxe5 Bxe5
19. f4 Bf6 20. Qxe7 Bxe7 21. Ne3 Bf6 22. Nd5 Bxc3 23. Nxc3 $14 {
Tisdall-Engqvist/Gausdal TM/1993}) 12... d6 (12... Qe8 $5 {/\13.Bh3 Qh5!/}) 13.
Bh3 $1 Nd7 (13... Bxf3 14. exf3 $16 (14. exf3 {Dautov} Nd7 15. f4 $16)) (13...
Qe7 $5 {Dautov} 14. Nd2 Bb7 15. Rfe1 (15. d5 $6 exd5 16. Bg2 Qxe2 17. Rfe1 Qh5
18. cxd5 Na6 $15) (15. e4 $6 fxe4 16. Rfe1 d5 17. f3 c5 18. fxe4 cxd4 19. e5
dxc3 20. exf6 Qc5+ $19) 15... e5 (15... Nc6 16. d5 $14) (15... c5 16. dxc5 bxc5
17. e4 $14) 16. dxe5 Bxe5 17. Nf3 (17. f4 $2 Bxf4 $1 18. gxf4 Qe3+ $19) (17. e4
f4 $132) 17... Bxc3 18. Qxc3 Nd7 $10) 14. Nd2 Bb7 15. e4 Qe8 $1 (15... fxe4 $2
16. Bxe6+ Kh8 17. Bh3 $16 (17. Qc2 {Dautov} Re8 18. Bf5 e3 19. fxe3 Rxe3 20.
Bxh7 Re2 21. d5 Bxc3 22. bxc3 $16)) 16. exf5 (16. Bg2 {Dautov} f4 $1 17. gxf4 (
17. Rfe1 e5 $132) 17... Bd8 18. Nb3 Nf6 19. Rfe1 Nh5 20. f5 Bh4 $44) (16. d5 $5
{Dautov} Qh5 17. Bg2 f4 18. dxe6 Nc5 19. gxf4 $6 Nd3 20. Qc2 Nxf4 $40) 16...
Qh5 17. Bg2 Bxg2 18. Kxg2 Qxf5 (18... exf5 {Dautov} 19. Qc2 $1 {/\Qa4-c6} Rf7
20. Qa4 f4 21. Rde1 $14 {/\Qc6}) 19. Qb1 $5 (19. Rde1 {Dautov} d5 20. b3 c5 $5
$10) 19... Rae8 (19... Qxb1 $5 {Dautov} 20. Rxb1 d5 21. Rfe1 Rfe8 $10 {/\c5})
20. Qe4 Qxe4+ 21. Nxe4 d5 22. Nxf6+ Nxf6 23. b3 (23. c5 $6 {Dautov} Ne4) 23...
Rf7 24. f3 Rd7 25. Rfe1 Kf7 (25... dxc4 {Dautov} 26. bxc4 Kf7 27. a4 Red8 28.
Rb1 Ne8 29. g4 Nd6 30. c5 Ne8 31. Re5 {+/=/=}) 26. c5 (26. Re2 $5 dxc4 27. bxc4
c5 28. Red2 cxd4 29. Rxd4 $14) 26... bxc5 (26... c6 {Dautov} 27. cxb6 axb6 28.
Bb4 Rc8 29. Rc1 $14) 27. dxc5 c6 28. Be5 (28. b4 {Dautov} Rb7 29. a3 Nd7 30. f4
a5 $10) 28... Rb7 29. Rd4 Rb5 30. Bd6 Nd7 31. Rf4+ Kg8 (31... Kg6 $5 {Dautov})
32. b4 a5 (32... e5 33. a4 Rb7 34. Rh4 (34. b5 {Dautov} Rc8 35. bxc6 Rb2+ 36.
Kh3 Rxc6 37. Rxe5 $18) 34... a6 $13) 33. a4 $1 (33. a3 $2 {Dautov} axb4 34.
axb4 e5) 33... Rxb4 34. Rxb4 axb4 35. Rb1 Ra8 $10 36. Rxb4 Ra5 37. Rb6 Nxc5 38.
Rxc6 Nd7 (38... Nxa4 39. Be5 $36 (39. Rc8+ {Dautov} Kf7 40. Rc7+ Kf6 41. Bf8
$36)) 39. Rc8+ Kf7 40. Rc7 Ke8 41. Rc8+ Kf7 42. Rc7 Ke8 43. Rc8+ 1/2-1/2

[Event "Montreal International"]
[Site "Montreal"]
[Date "1979.04.28"]
[Round "13"]
[White "Kavalek, Lubomir"]
[Black "Ljubojevic, Ljubomir"]
[Result "1-0"]
[WhiteElo "2590"]
[BlackElo "2590"]
[Annotator "ChessBase"]
[PlyCount "77"]
[EventDate "1979.04.11"]
[EventType "tourn"]
[EventRounds "18"]
[EventCountry "CAN"]
[EventCategory "15"]
[SourceTitle "MCL"]
[Source "ChessBase"]
[SourceDate "1999.07.01"]
[SourceVersion "1"]
[SourceVersionDate "1999.07.01"]
[SourceQuality "1"]

1. d4 Nf6 2. c4 e6 3. Nf3 b6 4. g3 Bb7 5. Bg2 d5 6. O-O Be7 7. Ne5 O-O 8. Nc3
Na6 9. cxd5 exd5 10. Nd3 $5 (10. Qa4 Qe8 11. Qxe8 Rfxe8 12. e3 {main line})
10... c5 $6 (10... Ne4 $6 11. Nf4 Nxc3 12. bxc3 c6 13. e4 $16 {Bukic,E-Lengyel,
L/Stip/1977/1-0/25/}) (10... h6 $5 {Loginov,V-Psakhis,L/URS/1981/0-1/38/}) 11.
dxc5 bxc5 12. Bg5 Rb8 13. Qa4 c4 $6 (13... Qe8 $142) 14. Bxf6 Bxf6 15. Nf4 Nc5
(15... Qd6 16. Nfxd5 $1 Bxd5 17. Nxd5 Bxb2 18. Rad1 $16) 16. Qxa7 Qd6 17. Ncxd5
Bxb2 18. Rad1 Nd7 $2 (18... Ra8 $142 19. Qb6 (19. Nf6+ $6 Qxf6 (19... gxf6 $2
20. Qxa8 $1 Qb6 21. Nd5 $1 Qb5 22. Nxf6+ Kg7 23. Nh5+ Kg8 24. Qd8 $18) 20. Qxc5
Bxg2 21. Kxg2 Rfc8 $132) 19... Qxb6 20. Nxb6 Bxg2 21. Kxg2 Rxa2 (21... c3 $2
22. Nxa8 Rxa8 23. Rd4 {/\Rc4}) 22. Nxc4 $14) 19. Ne3 Qb6 20. Qa4 Nc5 21. Qxc4
$16 Ba6 22. Qc2 Rfc8 23. Qf5 g6 24. Qg4 Re8 (24... Bg7 $142) 25. Rb1 Qa7 26.
Bd5 $18 Kh8 27. Nc4 (27. Nxg6+ fxg6 28. Rxb2 Rxb2 29. Qd4+ Qg7 $1 $19) 27...
Bxc4 (27... Bg7 28. Nd6) 28. Bxc4 Ne4 29. Nd3 f5 30. Qf4 Qd4 31. Rxb2 Rxb2 32.
Nxb2 Qxb2 33. Rd1 $1 Qb6 (33... Qc2 $2 34. Rd8 $1 Rxd8 $2 35. Qe5+ Nf6 36.
Qxf6#) 34. Rd7 Qc5 35. Rc7 Qd4 36. Bd3 Qa1+ 37. Kg2 Qf6 38. Bxe4 Rxe4 39. Qh6
1-0

[Event "Olympiad-24"]
[Site "Valetta"]
[Date "1980.11.??"]
[Round "6"]
[White "Kasparov, Garry"]
[Black "Ligterink, Gert"]
[Result "1-0"]
[WhiteElo "2595"]
[BlackElo "2455"]
[Annotator "ChessBase"]
[PlyCount "47"]
[EventDate "1980.11.20"]
[EventType "team-swiss"]
[EventRounds "14"]
[EventCountry "MLT"]
[SourceTitle "EXT 2000"]
[Source "ChessBase"]
[SourceDate "1999.11.16"]
[SourceVersion "1"]
[SourceVersionDate "1999.11.16"]
[SourceQuality "1"]
[WhiteTeam "Soviet Union"]
[BlackTeam "Netherlands"]
[WhiteTeamCountry "URS"]
[BlackTeamCountry "NED"]

1. d4 Nf6 2. c4 e6 3. Nf3 b6 4. g3 Bb7 5. Bg2 Be7 6. Nc3 Ne4 7. Bd2 Bf6 8. O-O
O-O 9. Rc1 c5 10. d5 exd5 11. cxd5 Nxd2 12. Nxd2 d6 13. Nde4 Re8 14. Qd2 a6 15.
b4 Be7 16. bxc5 bxc5 17. Qf4 Qc7 18. Na4 Qa5 19. Rb1 Bxd5 20. Nb6 Bxe4 21. Bxe4
Ra7 22. Nc8 $1 Nc6 (22... Rxc8 23. Qf5) (22... Rc7 {>=} 23. Rxb8 Bf8 24. Nxd6 (
24. Rfb1) 24... Rxb8 25. Nc4 $18) 23. Nxa7 Nxa7 24. Bd5 (24. Bd5 Bf6 25. Rb7)
1-0

[Event "Interzonal-14c"]
[Site "Zagreb"]
[Date "1987.??.??"]
[Round "5"]
[White "Pinter, Jozsef"]
[Black "Eingorn, Vereslav S"]
[Result "1-0"]
[WhiteElo "2575"]
[BlackElo "2575"]
[Annotator "ChessBase"]
[PlyCount "123"]
[EventDate "1987.08.01"]
[EventType "tourn"]
[EventRounds "17"]
[EventCountry "YUG"]
[EventCategory "12"]
[SourceTitle "CBM 004"]
[Source "ChessBase"]
[SourceDate "1988.06.01"]
[SourceVersion "1"]
[SourceVersionDate "1988.06.01"]
[SourceQuality "1"]

1. d4 e6 2. c4 Nf6 3. Nf3 b6 4. g3 Bb7 5. Bg2 Be7 6. Nc3 Ne4 7. Bd2 Bf6 8. O-O
O-O 9. Rc1 Nxd2 10. Qxd2 d6 11. d5 Qe8 $5 12. Ne1 Bxc3 (12... e5 $6 13. e4 {
/\ Nd3, f4+/- Pinter,J}) 13. Rxc3 e5 14. f4 Nd7 15. Nd3 a5 16. f5 f6 17. h4 Nc5
18. Nxc5 bxc5 19. g4 Bc8 20. Be4 $14 Bd7 21. Rg3 a4 22. Rf2 Kh8 23. Rfg2 Qe7
24. Qc2 Rg8 25. g5 Raf8 26. Qd3 Qd8 27. Qf3 Qc8 28. Rf2 Qb8 29. b3 axb3 30.
axb3 Qd8 31. Qg2 Qe7 32. Rff3 Qe8 33. Qh2 Qa8 34. Rf1 Qa2 35. Qg2 Rb8 36. Rff3
Rbf8 37. Kh2 Qa8 38. Rf1 Qc8 39. Rgf3 Qd8 40. Bc2 Qe7 41. Rg3 Ra8 42. Bb1 Raf8
43. e3 Ra8 44. Rg1 Raf8 45. Qf3 Rb8 46. Bc2 Ra8 47. R1g2 Ra2 48. Qe4 Be8 49.
Qg4 Bd7 50. Qf3 Rb2 51. Qd1 e4 52. Qg4 Re8 53. gxf6 Qxf6 54. Qxg7+ Qxg7 55.
Rxg7 Bxf5 56. Rxc7 Bg6 57. Rd7 Ra8 58. Bxe4 Rxb3 59. Bxg6 hxg6 60. Rxd6 Rxe3
61. Rdxg6 Ra7 62. Rh6+ 1-0

[Event "Tilburg"]
[Site "Tilburg"]
[Date "1988.??.??"]
[Round "?"]
[White "Karpov, Anatoly"]
[Black "Portisch, Lajos"]
[Result "1-0"]
[WhiteElo "2725"]
[BlackElo "2630"]
[Annotator "ChessBase"]
[PlyCount "111"]
[EventDate "1988.09.??"]
[EventType "tourn"]
[EventRounds "14"]
[EventCountry "NED"]
[EventCategory "16"]
[SourceTitle "CBM 009"]
[Source "ChessBase"]
[SourceDate "1989.04.01"]
[SourceVersion "1"]
[SourceVersionDate "1989.04.01"]
[SourceQuality "1"]

1. d4 Nf6 2. c4 e6 3. Nf3 b6 4. g3 Bb7 5. Bg2 Be7 6. Nc3 Ne4 7. Bd2 Bf6 8. O-O
O-O 9. Rc1 c5 10. d5 exd5 11. cxd5 Nxd2 12. Nxd2 d6 13. Nc4 Ba6 (13... Na6 14.
Qd2 Nc7 15. Rfe1 $14) 14. Qb3 (14. b3 $6 b5 15. Ne3 g6 16. Ne4 Bg7 $13) 14...
Bxc4 15. Qxc4 $14 a6 {><b6, a6} (15... Nd7 {>=}) 16. a4 Nd7 17. e3 Ne5 18. Qe2
c4 (18... g6 $5 19. Ne4 Be7 (19... Bg7 $6 20. f4 Ng4 21. Qxg4 f5 22. Qe2 fxe4
23. Rc4 $1 Qf6 24. b3 Rae8 25. Re1 $16) 20. b3) 19. Be4 $1 {><d3} Re8 20. Bc2 (
20. f4 Nd7 (20... Ng4 $2 21. Qxg4 Bxc3 22. Bxh7+ Kxh7 23. Rxc3 $16) 21. Qxc4
Nc5 $15 (21... Rc8 22. Qd3 Nc5 23. Bxh7+ Kh8 24. Qc2 g6 25. Bxg6 fxg6 26. Qxg6
Rxe3 $13)) 20... Rc8 (20... b5 $6 21. axb5 axb5 22. Nxb5 Qb6 23. Nd4 $16) (
20... Rb8 $6 21. Ne4 (21. f4 Nd7 22. Qxc4 Rxe3 23. Qxa6 Bxc3 24. bxc3 Nc5 $44)
21... b5 (21... Be7 $2 22. f4 $16) 22. b3 $14) 21. Ne4 Be7 (21... b5 22. b3 $14
) 22. b3 cxb3 23. Bxb3 Qd7 24. Rxc8 (24. Qxa6 Nf3+ 25. Kg2 Rxc1 (25... Qg4 26.
Rxc8 Nh4+ 27. Kg1 Nf3+ 28. Kh1 Rxc8 29. Bd1 $1) 26. Rxc1 Qg4 $44) 24... Qxc8
25. Rb1 Qf5 26. Nd2 Rb8 (26... Rc8 27. Bd1) 27. Bd1 Qc8 (27... Qd3 $6 28. Qxd3
(28. f4 Nf3+ $1 29. Qxf3 Qxd2 $132) 28... Nxd3 29. Nb3 {/\ Nd4} Bf6 30. Na5 $16
) 28. Nb3 Bf6 29. Nd4 Qb7 30. Qc2 $1 g6 (30... Qxd5 $6 31. Rxb6 {/\ Ra6+/-})
31. Be2 Kg7 (31... Qxd5 32. Bxa6 Nf3+ 33. Nxf3 Qxf3 34. Qc7 $16) 32. Qb3 Nd7
33. Nc6 Ra8 34. Qb4 Qc7 35. Kg2 (35. Bg4 Nc5 36. Qxb6 Qxb6 37. Rxb6 Nxa4 $132)
35... h5 36. h3 Kg8 37. Bd1 Re8 (37... Kg7 {>=}) 38. g4 $5 hxg4 39. Bxg4 $1 Kg7
(39... Nc5 40. Qxb6 Qxb6 41. Rxb6 Nxa4 42. Rxa6 $16) 40. Bxd7 Qxd7 41. Qf4 (41.
Qxb6 $6 Qf5 $13) (41. Qg4 $5 Qc7 $14 (41... Qxg4+ 42. hxg4 Re4 43. Rb4 Rxb4 44.
Nxb4 $16)) 41... Rh8 42. Qg4 Qe8 (42... Qc7 43. f4 $16) 43. Rxb6 Rh4 44. Qf3
Rxa4 45. Rb8 Qd7 $6 (45... Qe4 46. Qxe4 Rxe4 47. Ra8 Ra4 48. Nb8 Ra5 (48... a5
49. Ra6 $16) 49. e4 $14 (49. Nxa6 $6 Rxd5 50. Nc7 Rg5+ $10 {[]})) 46. Ra8 Bh4
47. e4 Bf6 48. Qd3 Qb7 49. Rb8 Qd7 50. Qc2 Ra3 51. Rb3 Ra1 $2 (51... Rxb3 52.
Qxb3 {/\ Qa3+/-}) 52. Rf3 $1 $18 {Karpov,An;Zaitsev,I} Qb7 53. Rxf6 Qb5 54. Qc3
Qf1+ 55. Kg3 Qg1+ 56. Kh4 1-0

[Event "YUG-ch34"]
[Site "Bjelovar"]
[Date "1979.02.23"]
[Round "12"]
[White "Vukic, Milan"]
[Black "Janosevic, Dragoljub"]
[Result "1-0"]
[WhiteElo "2485"]
[BlackElo "2400"]
[Annotator "ChessBase"]
[PlyCount "117"]
[EventDate "1979.02.10"]
[EventType "swiss"]
[EventRounds "13"]
[EventCountry "YUG"]
[SourceTitle "EXT 2000"]
[Source "ChessBase"]
[SourceDate "1999.11.16"]
[SourceVersion "1"]
[SourceVersionDate "1999.11.16"]
[SourceQuality "1"]

1. d4 Nf6 2. c4 e6 3. Nf3 b6 4. g3 Bb7 5. Bg2 Be7 6. O-O O-O 7. Nc3 Ne4 8. Bd2
Bf6 9. Qc2 Nxd2 10. Qxd2 d6 11. e4 Nd7 12. Rfe1 a5 $6 (12... g6 $5 {/\ Bg7})
13. b3 e5 $6 14. Rad1 exd4 15. Nxd4 Nc5 16. Nd5 $1 $14 Bxd4 17. Qxd4 Re8 18. f4
Qd7 19. e5 Rad8 (19... dxe5 $2 20. Nf6+ gxf6 21. Qxd7 Nxd7 22. Bxb7 $18) 20.
Qc3 $1 Bxd5 21. cxd5 $16 Qb5 (21... Qf5 22. a3 {/\ b4}) 22. Bf1 $1 Qd7 (22...
Qb4 $2 23. Qxb4 axb4 24. Bb5 Re7 25. Bc6 {/\ Rd4}) 23. a4 Re7 24. Bb5 Qc8 (
24... Qf5 $2 25. exd6 $1 Rxe1+ 26. Qxe1 cxd6 27. Qe7 Rf8 28. Qxd6 Qc2 29. Re1
$18) 25. Qf3 g6 26. Re2 $2 (26. g4 $1 $16) 26... dxe5 27. fxe5 Qf5 $1 28. Qf4 (
28. Qe3 $2 f6 $1 29. e6 Rxe6 $19) (28. Qc3 $2 Ne4 $19) 28... Qxf4 29. gxf4 Nxb3
$14 30. Kf2 Nc5 31. Kf3 Kf8 32. Red2 Nb3 33. Rd3 Nc5 34. Rd4 Nb3 35. R4d3 Nc5
36. Re3 g5 $2 $138 37. fxg5 $16 Re6 $6 38. h4 $5 (38. dxe6 Rxd1 39. exf7 Kxf7
$14) 38... Rg6 39. Ree1 h6 40. Kf4 Kg7 41. Rh1 Rh8 42. Kf5 Rg8 43. Rhg1 Kf8 44.
Rd4 Ke7 45. Rg3 hxg5 46. hxg5 Rh8 47. Rf4 Rh1 48. Rgg4 Rg7 49. Rh4 Rh7 50. Rxh7
Rxh7 51. Rd4 Rh2 52. d6+ Kd8 53. dxc7+ Kxc7 54. Be8 $1 Rf2+ 55. Rf4 Rxf4+ 56.
Kxf4 $18 Kd8 57. Bxf7 Ke7 (57... Nxa4 58. g6 Ke7 59. Bb3 Nc5 60. g7) 58. g6 Kf8
59. Kf5 1-0

[Event "Pinsk"]
[Site "Pinsk"]
[Date "1993.??.??"]
[Round "?"]
[White "Kiselev, Sergey"]
[Black "Balashov, Yuri S"]
[Result "1-0"]
[WhiteElo "2470"]
[BlackElo "2520"]
[Annotator "Dautov,R"]
[PlyCount "47"]
[EventDate "1993.??.??"]
[EventType "tourn"]
[EventRounds "9"]
[EventCountry "BLR"]
[EventCategory "10"]
[SourceTitle "CBM 038"]
[Source "ChessBase"]
[SourceDate "1994.02.01"]
[SourceVersion "1"]
[SourceVersionDate "1994.02.01"]
[SourceQuality "1"]

1. d4 Nf6 2. c4 e6 3. Nf3 b6 4. g3 Bb7 5. Bg2 Be7 6. O-O O-O 7. Nc3 Ne4 8. Bd2
f5 9. Qc2 Bf6 (9... Nxc3 10. Bxc3 Be4 11. Qd2 Bf6 12. Ne1 Bxg2 13. Nxg2 Nc6 14.
d5 Ne5 15. b3 {+/=/=}) 10. Rad1 d6 (10... Nxc3 11. Bxc3 Be4) (10... c5 $6 11.
d5 Nxc3 12. Bxc3 Bxc3 13. Qxc3 exd5 14. cxd5 Qf6 15. Qxf6 Rxf6 16. e4 $1 fxe4
17. Ng5 $16) (10... Na6 11. a3 Qe7 12. d5 Nac5 13. b4 Nxc3 14. Bxc3 Ne4 15.
Bxf6 Qxf6 16. Nd4 a5 17. Nb5 axb4 18. axb4 c6 19. Nc7 Rac8 20. Bxe4 fxe4 21. d6
$14 {Gronn-Diesen/NOR-ch/1991}) 11. Ne1 $1 {N} (11. d5 Bxc3 12. Bxc3 Nxc3 13.
Qxc3 e5 14. b4 a5 15. a3 Nd7 16. Nd2 Qe7 17. Nb3 a4 $6 (17... axb4 18. axb4 Nf6
$132) 18. Nc1 e4 19. f4 exf3 20. exf3 f4 21. Rde1 Qf6 22. Ne2 Qxc3 23. Nxc3 Ne5
24. Re4 g5 25. Nb5 $14 {Larsen-Levitt/London WFW/1990}) 11... d5 (11... Nxc3
12. Bxc3 Bxg2 13. Nxg2 $14) 12. Nxe4 dxe4 (12... fxe4 $5 13. Bb4 Rf7 (13... c5
14. dxc5 Na6 15. Ba3 Nxc5 16. Bxc5 bxc5 17. Bxe4 $16) 14. f3 c5 (14... Nc6 15.
Bc3 exf3 16. Nxf3 dxc4 17. Qa4 $14) (14... Bxd4+ 15. Rxd4 c5 16. Rd1 cxb4 17.
cxd5 exd5 18. fxe4 Rxf1+ 19. Bxf1 $14) 15. dxc5 Na6 16. Ba3 exf3 17. Nxf3 bxc5
$132) (12... fxe4 13. Bc3 Nd7 14. f3 (14. cxd5 exd5 15. f3 exf3 16. exf3 c5 17.
f4 cxd4 18. Bxd4 Rc8 $13) 14... exf3 15. Nxf3 (15. Bxf3 c5 16. cxd5 exd5 17.
dxc5 Nxc5 $10) 15... c5 (15... dxc4 16. e4 $44) 16. cxd5 exd5 $10) 13. Bc3 Nd7
14. f3 Bg5 (14... e3 $2 15. f4 Bxg2 16. Nxg2 $18) (14... exf3 $6 15. Bxf3 Bxf3
16. Nxf3 Qe7 17. e4 $16) 15. d5 $1 (15. fxe4 Be3+ 16. Kh1 fxe4 17. Rxf8+ Qxf8
18. d5 $2 Qf2 $19) 15... exd5 (15... Be3+ 16. Kh1 exf3 $2 17. Rxf3 $16) (15...
exf3 $5 16. Nxf3 (16. dxe6 $6 Be3+ 17. Rf2 Be4 18. Rxd7 Qxd7 19. exd7 Bxc2 20.
exf3 Ba4 $19) 16... Be3+ 17. Kh1 Qe7 18. Nh4 $1 (18. Nd4 Bxd4 19. Rxd4 $14)
18... f4 (18... g6 $2 19. d6 Bxg2+ 20. Nxg2 Qg5 21. dxc7 $16) 19. Be4 $40) 16.
cxd5 Qe7 (16... exf3 17. Nxf3 Be3+ 18. Kh1 Qe7 19. Nd4 Bxd4 20. Bxd4 $16) 17.
fxe4 Be3+ 18. Kh1 fxe4 19. Rxf8+ Rxf8 20. Qb3 $1 Nc5 $2 (20... Kh8 $1 21. Nc2 (
21. Bxg7+ Qxg7 22. Qxe3 Nf6 $132 {/\Ng4,Bxd5}) 21... Bh6 22. Nd4 $14) 21. d6+
Qf7 $2 (21... Qe6 {>=} 22. Qxe6+ Nxe6 23. Bh3 Ng5 24. d7 Rd8 25. Bg4 Nf7 26.
Ng2 Bc5 27. Nf4 $16) 22. Qxf7+ Rxf7 (22... Kxf7 23. dxc7 Rc8 24. Be5 Ke6 25.
Bh3+ Kxe5 26. Bxc8 Bxc8 27. Rd8 $18) 23. b4 $18 Nd7 (23... Ne6 24. Bh3 Bc8 25.
d7 $18) 24. dxc7 (24. dxc7 Nf8 25. Be5 $18) 1-0

[Event "St Petersburg op"]
[Site "St Petersburg"]
[Date "1994.??.??"]
[Round "5"]
[White "Ionov, Sergey"]
[Black "Zagrebelny, Sergey"]
[Result "0-1"]
[WhiteElo "2505"]
[BlackElo "2510"]
[Annotator "Dautov,R"]
[PlyCount "80"]
[EventDate "1994.02.??"]
[EventType "swiss"]
[EventRounds "9"]
[EventCountry "RUS"]
[SourceTitle "CBM 041"]
[Source "ChessBase"]
[SourceDate "1994.08.01"]
[SourceVersion "1"]
[SourceVersionDate "1994.08.01"]
[SourceQuality "1"]

1. d4 Nf6 2. c4 e6 3. Nf3 b6 4. g3 Bb7 5. Bg2 Be7 6. Nc3 Ne4 7. Bd2 Bf6 8. Qc2
Nxd2 9. Qxd2 O-O 10. O-O d6 11. Qc2 (11. d5 Bxc3 12. Qxc3 exd5 13. Nh4 d4 14.
Qxd4 Bxg2 15. Nxg2 Nc6 $10) (11. Rad1 $142 Nd7 12. d5 (12. e4) 12... e5 13. h4
$1 g6 14. h5 Bg7 15. hxg6 hxg6 16. e4 $14) 11... g6 12. Rad1 Nd7 13. h4 Qe7 14.
d5 e5 15. h5 Bg7 16. e4 Nf6 $1 17. hxg6 hxg6 18. Bh3 (18. Qd2 $6 Bc8 {/^h3-c8})
18... Bh6 $1 (18... a5 $6 19. Qd2 Bc8 20. Bxc8 Raxc8 21. Kg2 $14 {/\Rh1,Rh2,
Rdh1}) 19. Kg2 Kg7 $10 20. Rh1 c6 $5 (20... Rh8 $10) 21. dxc6 (21. Qd3 $5 cxd5
22. cxd5 a6 23. a4 $10) 21... Bxc6 22. Rh2 (22. Nd5 $6 Nxd5 23. cxd5 Bd7 24.
Bxd7 Qxd7 25. Qc6 Rfd8 26. Qxd7 Rxd7 27. Rh3 Rc8 28. Rdh1 Bc1 $15 {<->c}) 22...
Nxe4 $5 23. Nxe4 Qb7 24. Rd5 (24. Re1 f5 25. Nxd6 Bxf3+ 26. Kg1 Qc6 27. Qc3
Qxd6 28. Qxf3 Rad8 $15) 24... Bxd5 25. cxd5 Qxd5 {/\f5-/+} 26. Bd7 $1 f5 27.
Nc3 Qc5 28. Qd1 Rad8 29. Be6 $6 (29. Rxh6 $1 Kxh6 (29... Rxd7 $2 30. Qh1 $16)
30. Qh1+ Kg7 31. Ng5 Rh8 32. Ne6+ Kf6 33. Qf1 $1 (33. Qc1 $2 Rh2+ $1 34. Kxh2
Qxf2+ $19) (33. Qxh8+ Rxh8 34. Nxc5 dxc5 $10) 33... Qa5 $8 34. b4 Qa3 $8 35.
Nd5+ Kf7 36. Ng5+ (36. Qb5 $5 Qc1 37. Nxd8+ Rxd8 $13) (36. Nxd8+ $5 Rxd8 37.
Bc6 $36 {/\Qh1}) 36... Kg7 37. Ne6+ Kf7 38. Ng5+ $10) 29... Rde8 30. Bb3 b5 31.
a3 a5 32. Rh1 (32. Qd5 Qxd5 33. Nxd5 Rc8 $15) 32... b4 33. axb4 axb4 34. Nd5 f4
$1 (34... e4 $2 35. Nd4 (35. Qd4+ $2 Re5 $1 36. Qxc5 exf3+ 37. Kxf3 dxc5 $19)
35... Re5 36. Nf4 $16) 35. gxf4 (35. g4 e4 36. Nd4 Re5 $17) 35... Bxf4 $15 {
><f2} 36. Nh4 $2 (36. Nxf4 Rxf4 $17 {/\Ref8}) (36. Rh3 {>=} e4 $2 (36... Bh6 $5
) (36... Bc1 $5) 37. Nd4 Be5 (37... Re5 $6 38. Qg4 $40) 38. Qg4 $40 {/\Qd7})
36... Bg5 $17 37. Nf3 $6 (37. f3 e4 $17) (37. Qe2 e4 $1 38. Ne3 (38. Nxg6 Rf3
$1 39. Ba4 Re6 $19) 38... Bxe3 39. Qxe3 Qxe3 40. fxe3 g5 $19) (37. Qc2 Qxc2 38.
Bxc2 e4 $17 {/\Rh8}) 37... e4 $19 38. Nd4 (38. Qd4+ Re5 $1 $19) 38... Re5 39.
Qg4 Qxd4 40. Qd7+ Re7 0-1